Statistics for Countries within 200km of the United Kingdom

Click here to take the quiz!

General Stats

  • This quiz has been taken 46 times
  • The average score is 12 of 18

Answer Stats

Distance (km)Distance (mi)Answer% Correct
00Ireland
100%
127France
98%
8050Belgium
90%
00Spain
88%
74The Netherlands
88%
11United States
76%
168104Haiti
71%
165103Cuba
69%
14489Dominican Republic
67%
13886Dominica
64%
9056St Kitts and Nevis
64%
2113Morocco
60%
2013Antigua and Barbuda
57%
4629Bahamas
57%
00Cyprus
50%
11471Turkey
40%
178111Lebanon
31%
172107Syria
29%

Score Distribution

Percentile by Number Answered

Percent of People with Each Score

Your Score History

You have not taken this quiz